000 01403nam a2200337 i 4500
001 768714001
003 CO-MdFUSB
005 20250528152209.0
007 ta
008 200527t1989 us |||| |||| 00| 0 spa d
020 _a0881132489
040 _aCO-MdFUSB
_bspa
_cCO-MdFUSB
_dCO-MdFUSBC
_erda
041 _aspa
082 _223
_a248.4
_bSW978
100 _aSwindoll, Charles R,
_eautor
245 _aPalabras sabias para gente ocupada
_c/ Charles R. Swindoll
264 1 _aMiami, Estados Unidos :
_bBetania,
_c[1989]
264 4 _c©1989
300 _c222 páginas ;
_a20 cm
336 _2rdacontent
_atexto
_btxt
337 _2rdamedia
_asin mediación
_bn
338 _2rdacarrier
_avolumen
_bnc
500 _aLa continuación de Diario de un viajero desesperado
504 _aBibliografía (páginas 219-222)
505 _aPalabras sabias para gente ocupada - ¡Pongámonos en práctica la sabiduría! - Las cualidades de un buen jefe - Misterios inexplicables - ¡Prepare una buena destrucción, mientras pueda! - Una visión objetivo de la competencia despiadada - ¡Sea sensato! - Retrato de un necio - ¡Sea intrépido! - ¡La vida hay que disfrutarla ahora! - Cabellos canos, menos dientes, pero una gran sonrisa - Un ultimo consejo
563 _aRústico
650 0 _919
_aVida cristiana
700 _aSánchez Araujo, Juan,
_95298
_etraductor
942 _cBK
945 _aDani
999 _c65908
_d65908